Statistiques concernant Devinez l'État Américain Mystère #49

Cliquez ici pour prendre le quiz!

Statistiques générales

  • Ce quiz a été pris 122 fois
  • Le résultat moyen est 33 sur 40

Statistiques - réponses

Type de RéponseRéponse% Correct
Lettre TrouvéeA
100%
Lettre de l'AlphabetI
100%
Lettre de l'AlphabetN
100%
Lettre de l'AlphabetO
100%
Lettre TrouvéeS
100%
Lettre TrouvéeE
99%
Lettre de l'AlphabetR
99%
Lettre de l'AlphabetL
97%
Lettre TrouvéeT
97%
Lettre de l'AlphabetW
97%
Lettre de l'AlphabetG
96%
Lettre TrouvéeM
96%
Lettre TrouvéeH
95%
Lettre de l'AlphabetK
95%
Lettre de l'AlphabetD
94%
Lettre TrouvéeC
93%
Lettre TrouvéeU
91%
Lettre de l'AlphabetY
90%
Lettre de l'AlphabetF
88%
Lettre de l'AlphabetV
88%
Lettre de l'AlphabetX
84%
Lettre de l'AlphabetP
82%
Lettre de l'AlphabetB
79%
Lettre de l'AlphabetZ
75%
Lettre de l'AlphabetQ
74%
Lettre de l'AlphabetJ
72%
Lettre Bien PlacéeA
66%
Lettre Bien PlacéeA
66%
Lettre Bien PlacéeC
66%
Lettre Bien PlacéeE
66%
Lettre Bien PlacéeH
66%
Lettre Bien PlacéeM
66%
État MystèreMassachusetts
66%
Lettre Bien PlacéeS
66%
Lettre Bien PlacéeS
66%
Lettre Bien PlacéeS
66%
Lettre Bien PlacéeS
66%
Lettre Bien PlacéeT
66%
Lettre Bien PlacéeT
66%
Lettre Bien PlacéeU
66%

Distribution des résultats

Percentile par nombre de réponses

% des personnes avec chaque résultat

Votre développement - résultats

Vous n’avez pas pris ce quiz